मानवाधिकार और उनकी रक्षा / (Record no. 119007)
[ view plain ]
| 000 -LEADER | |
|---|---|
| fixed length control field | 01248nam a22002657a 4500 |
| 005 - DATE AND TIME OF LATEST TRANSACTION | |
| control field | 20170124103125.0 |
| 010 ## - LIBRARY OF CONGRESS CONTROL NUMBER | |
| LC control number | B-151633 |
| 020 ## - INTERNATIONAL STANDARD BOOK NUMBER | |
| Terms of availability | 200.00 |
| International Standard Book Number | 817566049 |
| 035 ## - SYSTEM CONTROL NUMBER | |
| System control number | B-151633 |
| 037 ## - SOURCE OF ACQUISITION | |
| Source of stock number/acquisition | Cen Lib/Ret |
| 040 ## - CATALOGING SOURCE | |
| Original cataloging agency | DPL |
| Language of cataloging | HN |
| 082 ## - DEWEY DECIMAL CLASSIFICATION NUMBER | |
| Classification number | 323 |
| Item number | गुप्तकै |
| 100 ## - MAIN ENTRY--PERSONAL NAME | |
| Personal name | गुप्त, कैलाश नाथ |
| 9 (RLIN) | 7767 |
| 245 ## - TITLE STATEMENT | |
| Title | मानवाधिकार और उनकी रक्षा / |
| Statement of responsibility, etc | कैलाश नाथ गुप्त |
| 246 ## - VARYING FORM OF TITLE | |
| Title proper/short title | Manavadhikar aur unki raksha / |
| Remainder of title | by Kailash Nath Gupta |
| 260 ## - PUBLICATION, DISTRIBUTION, ETC. (IMPRINT) | |
| Place of publication, distribution, etc | दिल्ली |
| Name of publisher, distributor, etc | अविराम प्रकाशन |
| Date of publication, distribution, etc | 2004 |
| 270 ## - ADDRESS | |
| Address | 29/62, गली नं. 11, पहली मंज़िल, विश्वास नगर |
| City | दिल्ली |
| Postal code | 110032 |
| 300 ## - PHYSICAL DESCRIPTION | |
| Extent | 196पृ. |
| Dimensions | 20सेमी(सजिल्द) |
| 500 ## - GENERAL NOTE | |
| General note | अनुक्रमणिका शामिल |
| 650 ## - SUBJECT ADDED ENTRY--TOPICAL TERM | |
| Topical term or geographic name as entry element | मानवाधिकार--लोक प्रशाशन |
| 9 (RLIN) | 82907 |
| 650 ## - SUBJECT ADDED ENTRY--TOPICAL TERM | |
| Topical term or geographic name as entry element | मानवाधिकार संरक्षण |
| 9 (RLIN) | 3152 |
| 650 ## - SUBJECT ADDED ENTRY--TOPICAL TERM | |
| Topical term or geographic name as entry element | Human Rights - Public governance and administration |
| 9 (RLIN) | 82908 |
| 650 ## - SUBJECT ADDED ENTRY--TOPICAL TERM | |
| Topical term or geographic name as entry element | Human Rights Protection |
| 9 (RLIN) | 82909 |
| 942 ## - ADDED ENTRY ELEMENTS (KOHA) | |
| Source of classification or shelving scheme | Dewey Decimal Classification |
| Koha item type | Hindi Books |
| Classification part | 323 |
| Call number suffix | गुप्तकै |
| Withdrawn status | Lost status | Damaged status | Not for loan | Home library | Current library | Date acquired | Source of acquisition | Cost, normal purchase price | Total Checkouts | Total Renewals | Full call number | Barcode | Date last seen | Date checked out | Copy number | Cost, replacement price | Price effective from | Koha item type |
|---|---|---|---|---|---|---|---|---|---|---|---|---|---|---|---|---|---|---|
| Central Library | Central Library | 15/09/2015 | Cen Lib/Ret | 200.00 | 5 | 2 | 323 गुप्तकै | B-151633 | 16/03/2024 | 04/03/2024 | 1 | 200.00 | 15/09/2015 | Hindi Books |
